El teatro de los acontecimientos : álbum de coloquios, encuentros y figuras /

Guardado en:
Detalles Bibliográficos
Autor principal: García Terrés, Jaime (autor)
Formato: Libro
Idioma:Español
Publicado: México : El Colegio Nacional : Era, 1988, c1988
Etiquetas: Agrega una etiqueta
Sin etiquetas, Sé el primero en etiquetar este registro!

MARC

LEADER 00000nam^a2200000^a^4500
001 000424224
005 20250526000000.0
009 20260310122647.449
020 |a 968-411-313-7 
037 |a Acervo ITESO - Biblioteca 
041 |a ESP 
091 |a FHM. 01656 
100 |a García Terrés, Jaime  |e (autor) 
245 1 3 |a El teatro de los acontecimientos :  |b álbum de coloquios, encuentros y figuras / 
264 4 |a México :  |b El Colegio Nacional :  |b Era,  |c 1988, c1988 
300 |a 149 p. ;  |c 19.5 cm. 
336 |a texto  |b txt  |2 rdacontenido 
337 |a sin mediación  |b n  |2 rdamedio 
338 |a volumen  |b nc  |2 rdasoporte 
649 |a XX 
910 |a Fondo Hugo B. Margáin 
920 |a Impresos - Libros 
930 |a Libros Antiguos y Raros 
940 |a Literatura 
905 |a 126 
901 |a 0500301199  |b IT2  |c LRA  |i D116716  |u 20250526 
901 |a 0500307966  |b IT2  |c LRA  |i D111889  |u 20250526 
902 |a https://opac.biblio.iteso.mx/vufind/Record/000424224